¿Economía abierta y política cerrada? (Registro nro. 24493)

Detalles MARC
000 -LEADER
fixed length control field 00379 a2200121 4500
001 - CONTROL NUMBER
control field ART_9056
005 - DATE AND TIME OF LATEST TRANSACTION
control field 20260410161845.0
008 - FIXED-LENGTH DATA ELEMENTS--GENERAL INFORMATION
fixed length control field 260409a
100 1# - MAIN ENTRY--PERSONAL NAME
Personal name Díaz Alejandro, Carlos F.
245 10 - TITLE STATEMENT
Title ¿Economía abierta y política cerrada?
700 1# - ADDED ENTRY--PERSONAL NAME
Personal name Suárez, Eduardo L.
773 0# - HOST ITEM ENTRY
Title El trimestre económico
Related parts - Vol. L, Nº 197 (ene./mar. 1983)
Record control number REV6933

No hay ítems disponibles.